Приказ № 103 Черниговского уездного комиссариата по военным делам. 11 дек. 1920 г., г. Чернигов. По мобилизационному отделу. [О мобилизации плотников, пробойщиков, креповщиков и др. судостроительных рабочих в возрасте от 18 до 50 лет (Запись № 11069933)

Подробности
000 -МАРКЕР
контрольное поле 03443nam0a2200445 4500
001 - ИДЕНТИФИКАТОР ЗАПИСИ
контрольное поле RU\NLR\BIBL_A\011936888
005 - ИДЕНТИФИКАТОР ВЕРСИИ
контрольное поле 20250626153412.0
020 ## - НОМЕР ДОКУМЕНТА В НАЦИОНАЛЬНОЙ БИБЛИОГРАФИИ
Код страны Российская Федерация
Номер [5791]
Основное заглавие издания Российской книжной палаты Сводный каталог листовок первых лет Советской власти (25 октября (7 ноября) 1917 - 1925). Листовки партийных, советских, военных, профсоюзных, комсомольских и других организаций Украинской ССР, Белорусской ССР, Закавказских и Среднеазиатских Pеспублик
035 ## - ДРУГИЕ СИСТЕМНЫЕ НОМЕРА
Идентификатор записи (NLR Aleph) 011936888
100 ## - ДАННЫЕ ОБЩЕЙ ОБРАБОТКИ
Данные общей обработки 20171207d1920 |||y0rusy50 ca
101 0# - ЯЗЫК РЕСУРСА
Язык текста, звукозаписи и т.д. русский
102 ## - СТРАНА ПУБЛИКАЦИИ ИЛИ ПРОИЗВОДСТВА
Страна публикации Российская Федерация
105 ## - ПОЛЕ КОДИРОВАННЫХ ДАННЫХ: ТЕКСТОВЫЕ МАТЕРИАЛЫ, МОНОГРАФИЧЕСКИЕ
Кодированные данные о монографическом текстовом документе y z 000zy
135 ## - ПОЛЕ КОДИРОВАННЫХ ДАННЫХ: ЭЛЕКТРОННЫЕ РЕСУРСЫ
Кодированные данные для электронного ресурса crcn 024apada
200 1# - ЗАГЛАВИЕ И СВЕДЕНИЯ ОБ ОТВЕТСТВЕННОСТИ
Основное заглавие Приказ № 103 Черниговского уездного комиссариата по военным делам. 11 дек. 1920 г., г. Чернигов. По мобилизационному отделу. [О мобилизации плотников, пробойщиков, креповщиков и др. судостроительных рабочих в возрасте от 18 до 50 лет
Сведения, относящиеся к заглавию листовка]
210 ## - ПУБЛИКАЦИЯ, РАСПРОСТРАНЕНИЕ И ДР.
Место издания, распространения и т.д. [Чернигов]
Имя издателя, распространителя и т. д. 1-я Сов. тип.
Дата издания, распространения и т.д. 1920, [дек.]
215 ## - ФИЗИЧЕСКАЯ ХАРАКТЕРИСТИКА
Специфическое обозначение материала и объем 1 с.
Размеры 22х14
300 ## - ОБЩИЕ ПРИМЕЧАНИЯ
Текст примечания Подписи: пом. уездвоенкома Легеда; за военрука Томилко; начмоботдела Шихуцкий
325 1# - ПРИМЕЧАНИЕ О КОПИИ
Текст примечания Копия доступна в Электронной библиотеке РНБ
517 1# - ДРУГИЕ ВАРИАНТЫ ЗАГЛАВИЯ
Вариант заглавия По мобилизационному отделу. [О мобилизации плотников, пробойщиков, креповщиков и др. судостроительных рабочих в возрасте от 18 до 50 лет
517 1# - ДРУГИЕ ВАРИАНТЫ ЗАГЛАВИЯ
Вариант заглавия О мобилизации плотников, пробойщиков, креповщиков и др. судостроительных рабочих в возрасте от 18 до 50 лет
607 ## - ГЕОГРАФИЧЕСКОЕ НАИМЕНОВАНИЕ КАК ПРЕДМЕТ
Географическое наименование Украина
Формальный подзаголовок Листовки
Тематический подзаголовок Политика и управление
Хронологический подзаголовок 1917 - 1925
Системный номер авторитетной/нормативной записи 2561805
Идентификатор авторитетной/нормативной записи RU\NLR\AUTH\6601727588
686 0# - ИНДЕКСЫ ДРУГИХ КЛАССИФИКАЦИЙ
Индекс Т3(2)71-313,011
686 0# - ИНДЕКСЫ ДРУГИХ КЛАССИФИКАЦИЙ
Индекс Т3(2Ук-4Чр)71-31,011
702 #1 - ИМЯ ЛИЦА - ВТОРИЧНАЯ ОТВЕТСТВЕННОСТЬ
Начальный элемент ввода Легеда
Дополнения к именам, кроме дат участник установления советской власти, Черниговский уезд
Код отношения Подписавшее лицо
702 #1 - ИМЯ ЛИЦА - ВТОРИЧНАЯ ОТВЕТСТВЕННОСТЬ
Начальный элемент ввода Томилко
Дополнения к именам, кроме дат участник установления советской власти, Черниговский уезд
Код отношения Подписавшее лицо
702 #1 - ИМЯ ЛИЦА - ВТОРИЧНАЯ ОТВЕТСТВЕННОСТЬ
Начальный элемент ввода Шихуцкий
Дополнения к именам, кроме дат участник установления советской власти, Черниговский уезд
Код отношения Подписавшее лицо
710 02 - НАИМЕНОВАНИЕ ОРГАНИЗАЦИИ - ПЕРВИЧНАЯ ОТВЕТСТВЕННОСТЬ
Начальный элемент ввода Черниговский уездный комиссариат по военным делам
Системный номер авторитетной/нормативной записи 653861
Идентификатор авторитетной/нормативной записи RU\NLR\AUTH\880496991
711 02 - НАИМЕНОВАНИЕ ОРГАНИЗАЦИИ - АЛЬТЕРНАТИВНАЯ ОТВЕТСТВЕННОСТЬ
Начальный элемент ввода Черниговский уездный комиссариат по военным делам
Структурное подразделение Мобилизационный отдел
Системный номер авторитетной/нормативной записи 653864
Идентификатор авторитетной/нормативной записи RU\NLR\AUTH\880496992
852 ## - МЕСТОНАХОЖДЕНИЕ И ШИФР ХРАНЕНИЯ
Идентификатор организации NLR
Наименование фонда или коллекции (Sub-Location Identifier) ФЛ
Шифр хранения (Call Number) 60/125
942 ## - ДОПОЛНИТЕЛЬНЫЕ ЭЛЕМЕНТЫ ЗАПИСИ (АБИС)
Тип экземпляра АБИС Книга
980 ## - КОЛЛЕКЦИЯ
Название коллекции Национальная библиография
981 21 - КОЛЛЕКЦИЯ ЭЛЕКТРОННОЙ БИБЛИОТЕКИ
Название коллекции Листовки
Название подколлекции

Нет доступных экземпляров.